000 00654nam a22002177a 4500
003 JO-AjAnu
005 20241110135527.0
008 241110b jo ||||| |||| 00| 0 ara d
020 _a9-13390-266-1-978
040 _cJO-AjAnu
041 _hENG
100 _aPowers, Scott K.
_eAuthor
_966451
245 _aExercise Physiology - Theory and Application to Fitness and Performance
_c / Scott K. Powers
250 _a12th Edition
260 _bMc Graw Hill,
_c2024
300 _apages 660
650 _vExercise-Physiology
700 _aEdward T. Howley
_eJoint Author
_966452
700 _aJohn C. Quindry
_eJoint Author
_966453
942 _2lcc
_cBK
_n0
999 _c33858
_d33858